| 000 | 00685 a2200193 4500 | ||
|---|---|---|---|
| 003 | NUST | ||
| 005 | 20230202124637.0 | ||
| 020 | _a8171009212 | ||
| 040 | _cNust | ||
| 082 | _a954,IND | ||
| 100 |
_aGrover, Verinder. _979886 |
||
| 245 |
_aIndia 50 years of independence: _b50 years of india's independence a chronology of events 1947-97 (VOL-3) _cVerinder Grover & Ranjana Arora |
||
| 260 |
_aNew Delhi _bDeep & Deep Publications _c1997 |
||
| 300 |
_a628 p.; _billus _c24 cm |
||
| 505 | _aPart-I: Land and The People (Page 3), Part-II: Chronology of Events : 1947-1997 (Page-24). | ||
| 600 |
_aGrover, Verinder. _979886 |
||
| 650 |
_aIndia History _96814 |
||
| 942 |
_2ddc _cBK _k954,IND |
||
| 999 |
_c186911 _d186911 |
||